| 000 | 00509nam a22001937a 4500 | ||
|---|---|---|---|
| 003 | NUST - PNEC | ||
| 005 | 20170116180754.0 | ||
| 008 | 150401b xxu||||| |||| 00| 0 eng d | ||
| 020 | _a0071422129 | ||
| 040 | _cLIBRARY | ||
| 082 | _a303.48 SEV | ||
| 100 |
_91972 _aSeverin E. Oliver |
||
| 245 |
_aRobot companions : mentorbots and beyond _cE. Oliver Severin |
||
| 250 | _a- | ||
| 260 |
_aNew York _bMcGraw Hill _cc2004. |
||
| 300 | _a307 p. : | ||
| 650 |
_91975 _aRobotics _xMS Control |
||
| 942 |
_2ddc _cBK |
||
| 999 |
_c62685 _d62685 |
||